01157nam0a2200265 4500001002400000005001700024010002900041021001800070035002600088100004100114101000800155102000700163105001800170200011900188210004700307215002300354300005300377320003500430540009800465600009500563686004000658700006700698702010900765852001700874RU\NLR\BIBL_A\01116598420250625212345.0 bВ пер.d3 р. 20 к. aRUb67-101691 a(NLR Aleph) 011165984 a20160624d1967 |||y0rusy50 ca0 arus aRU aa z 000zb1 aФилипп Андреевич Малявин, 1869-1940eжизнь и творчествоfО.А. Живова a[Москваc"Искусство"d1967] a295 с.cил.d26 aНа обложке автор не указан aБиблиогр.: с. 290-2911 aМалявин Филипп Андреевич, 1869-1940eжизнь и творчество 1aМалявинbФ.А.f1869 - 1940gФилипп Андреевич3RU\NLR\AUTH\66414793 aЩ143(2Р=Рус)53-8Малявин 1aЖивоваbО. А.gОлимпиада Алексеевна 145707ca8rusaМалявинbФ. А.f1869-1940gФилипп Андреевич3RU\NLR\AUTH\770252253 aNLRj68-7/37